000
00289nam a22001337a 4500
008
170804b xxu||||| |||| 00| 0 eng d
020
_a
9780070308374
041
_a
eng
080
_a
004
100
_a
33
101
_a
SHK
245
_a
PROGRAMMING WITH C++
_c
HUBBARD,J
942
_2
udc
_c
BK
999
_c
22707
_d
22707